Lombard street : (Record no. 88314)
[ view plain ]
| 000 -LEADER | |
|---|---|
| campo de control de longitud fija | 01558cam a2200421Li 4500 |
| 001 - NÚMERO DE CONTROL | |
| campo de control | 83691 |
| 005 - FECHA Y HORA DE LA ÚLTIMA TRANSACCIÓN | |
| campo de control | 20230410132822.0 |
| 008 - DATOS DE LONGITUD FIJA--INFORMACIÓN GENERAL | |
| campo de control de longitud fija | 090611s2009 fr 000 0 fre d |
| 035 ## - NÚMERO DE CONTROL DEL SISTEMA | |
| Número de control de sistema | (OCoLC)ocn470617844 |
| 040 ## - FUENTE DE CATALOGACIÓN | |
| Centro catalogador/agencia de origen | BDF |
| Lengua de catalogación | fre |
| Centro/agencia transcriptor | BDF |
| 015 ## - NÚMERO DE BIBLIOGRAFÍA NACIONAL | |
| Número de bibliografía nacional | 00938792 |
| Fuente | bnf |
| 016 7# - NÚMERO DE CONTROL DE UNA AGENCIA BIBLIOGRÁFICA NACIONAL | |
| Número de control del registro | FRBNF414983500000004 |
| Fuente | FrPBN |
| 020 ## - NÚMERO INTERNACIONAL ESTÁNDAR DEL LIBRO | |
| Número Internacional Estándar del Libro | 9782228904445 (br) |
| 020 ## - NÚMERO INTERNACIONAL ESTÁNDAR DEL LIBRO | |
| Número Internacional Estándar del Libro | 2228904449 (br) |
| 029 1# - OTRO NÚMERO DE CONTROL DE SISTEMA (OCLC) | |
| Identificador de la biblioteca OCLC | ZWZ |
| Número de control de sistema | 135527341 |
| 035 ## - NÚMERO DE CONTROL DEL SISTEMA | |
| Número de control de sistema | (OCoLC)470617844 |
| 041 1# - CÓDIGO DE IDIOMA | |
| Código de lengua del texto/banda sonora o título independiente | fre |
| Código de lengua original | eng |
| 082 1# - NÚMERO DE LA CLASIFICACIÓN DECIMAL DEWEY | |
| Número de clasificación | 338.542 |
| Número de edición | 22 |
| 049 ## - FONDOS LOCALES (OCLC) | |
| Biblioteca depositaria | GRAL |
| 050 14 - SIGNATURA TOPOGRÁFICA DE LA BIBLIOTECA DEL CONGRESO | |
| Número de clasificación | 1erAPT1erB144l 2009 |
| 100 1# - ENTRADA PRINCIPAL--NOMBRE DE PERSONA | |
| Nombre de persona | Bagehot, Walter, |
| Fechas asociadas al nombre | 1826-1877. |
| Relación | aut |
| 240 10 - TÍTULO UNIFORME | |
| Título uniforme | Lombard street. |
| Lenguaje de la obra | francais. |
| 245 10 - MENCIÓN DEL TÍTULO | |
| Título | Lombard street : |
| Resto del título | des crises financieres et du moyen d'y remedier / |
| Mención de responsabilidad, etc. | Walter Bagehot ; preface d'Olivier Feiertag. |
| 260 ## - PUBLICACIÓN, DISTRIBUCIÓN, ETC. | |
| Lugar de publicación, distribución, etc. | Paris : |
| Nombre del editor, distribuidor, etc. | Payot & Rivages, |
| Fecha de publicación, distribución, etc. | impr. 2009 |
| Lugar de fabricación/manufactura | (61-Lonrai : |
| Fabricante | Normandie roto impr.) |
| 300 ## - DESCRIPCIÓN FÍSICA | |
| Extensión | 1 vol. (243 p.) : |
| Otras características físicas | couv. ill. en coul. ; |
| Dimensiones | 17 cm. |
| 490 0# - MENCIÓN DE SERIE | |
| Mención de serie | Petite bibliotheque Payot ; |
| Designación de volumen o secuencia | 718 |
| 500 ## - NOTA GENERAL | |
| Nota general | La couv. porte en plus : "the Stock exchange" |
| 500 ## - NOTA GENERAL | |
| Nota general | Notes bibliogr. |
| 650 #7 - PUNTO DE ACCESO ADICIONAL DE MATERIA--TÉRMINO DE MATERIA | |
| Término de materia o nombre geográfico como elemento de entrada | Marche financier |
| Subdivisión geográfica | Grande-Bretagne |
| -- | Angleterre (GB) |
| Subdivisión cronológica | 19e siecle. |
| Fuente del encabezamiento o término | ram |
| 700 1# - ENTRADA AGREGADA--NOMBRE PERSONAL | |
| Nombre de persona | Feiertag, Olivier. |
| Relación | aui |
| 760 0# - ENLACE A UNA SERIE PRINCIPAL | |
| Título | Petite bibliotheque Payot (Paris) |
| Número Internacional Normalizado para Publicaciones Seriadas | 0480-2012 |
| Parte(s) relacionada(s) | 718 |
| Número de control del registro | (FrPBN)34245778 |
| 856 42 - LOCALIZACIÓN Y ACCESO ELECTRÓNICOS | |
| Materiales especificados | Notice et cote du catalogue de la Bibliotheque nationale de France |
| Identificador Uniforme de Recursos | <a href="http://catalogue.bnf.fr/ark:/12148/cb41498350g">http://catalogue.bnf.fr/ark:/12148/cb41498350g</a> |
| 886 1# - INFORMACIÓN DE CAMPO MARC FORÁNEO | |
| 2 | intermrc |
| a | 009 |
| b | a--d--------------- |
| 886 2# - INFORMACIÓN DE CAMPO MARC FORÁNEO | |
| 2 | intermrc |
| a | 680 |
| b | 0- |
| a | 330 |
| b | 330 |
| 942 ## - ELEMENTOS DE ENTRADA SECUNDARIOS (KOHA) | |
| Fuente del sistema de clasificación o colocación | Clasificación de Library of Congress |
| 994 ## - | |
| -- | C0 |
| -- | DRFGD |
| 946 ## - PROCESAMIENTO DE INFORMACIÓN LOCAL (OCLC) | |
| a | AAG |
| Estatus retirado | Estado de pérdida | Fuente del sistema de clasificación o colocación | Estado de daño | No para préstamo | Colección | Biblioteca de origen | Biblioteca actual | Ubicación en estantería | Fecha de adquisición | Signatura topográfica completa | Código de barras | Visto por última vez | Copia número | Tipo de ítem Koha |
|---|---|---|---|---|---|---|---|---|---|---|---|---|---|---|
| Clasificación de Library of Congress | Automatización y Procesos Técnicos | Biblioteca Juan Bosch | Biblioteca Juan Bosch | Automatización y Procesos Técnicos (1er. Piso) | 10/04/2023 | B144l 2009 | 00000074399 | 17/11/2018 | 1 |
